<?xml version="1.0" encoding="UTF-8"?>
<collection xmlns="http://www.loc.gov/MARC21/slim">
  <record>
    <leader>00000nam  2200000   4500</leader>
    <controlfield tag="001">INLIS000000000002367</controlfield>
    <controlfield tag="005">20220529034854</controlfield>
    <datafield tag="035" ind1="#" ind2="#">
      <subfield code="a">0010-0122001042</subfield>
    </datafield>
    <datafield tag="245" ind1="1" ind2="#">
      <subfield code="a">Pengolahan Hasil Perkebunan Kelapa Sawit PT Sukses Karya Sawit Palm Oil Mill :</subfield>
      <subfield code="b">Kuliah Kerja Praktek /</subfield>
      <subfield code="c">Marwah</subfield>
    </datafield>
    <datafield tag="100" ind1=" " ind2="#">
      <subfield code="a">MARWAH</subfield>
    </datafield>
    <datafield tag="250" ind1="#" ind2="#">
      <subfield code="a">2021</subfield>
    </datafield>
    <datafield tag="300" ind1="#" ind2="#">
      <subfield code="a">x, 27 halaman :</subfield>
      <subfield code="b">Gambar ;</subfield>
      <subfield code="c">20x29 cm</subfield>
    </datafield>
    <datafield tag="856" ind1="#" ind2="#">
      <subfield code="a">OPAC (Rak LKKP TIA 2021)</subfield>
    </datafield>
    <datafield tag="260" ind1="#" ind2="#">
      <subfield code="a">Makassar :</subfield>
      <subfield code="b">Politeknik ATI Makassar - Teknik Industri Agro,</subfield>
      <subfield code="c">2021</subfield>
    </datafield>
    <datafield tag="082" ind1="#" ind2="#">
      <subfield code="a">(R)2021 LKKP-TIA 818</subfield>
    </datafield>
    <datafield tag="084" ind1="#" ind2="#">
      <subfield code="a">(R)2021 LKKP-TIA 818 MAR p</subfield>
    </datafield>
    <datafield tag="650" ind1="#" ind2="4">
      <subfield code="a">Laporan Praktek TIA 2021</subfield>
    </datafield>
    <datafield tag="500" ind1="#" ind2="#">
      <subfield code="a">PT. Sukses Karya Sawit adalah anak perusahaan dari PT. Sawit Nabati Agro Group yang  bergerak dibidang Perkebunan dan Pabrik Pengolahan Minyak  Kelapa Sawit yang sebelumnya dimiliki oleh BGA Group perusahaan  yang berasal dari Amerika dan kemudian diambil alih oleh perusahaan  asal Malaysia yaitu PT. Sukses Karya Sawit Mill IOI Group.  2. Produk yang dihasilkan oleh PT. Sukses Karya Sawit Mill adalah  produk Crude Palm Oil (CPO) dan Palm Kernel (PK). Dan terdapat  terdapat delapan (8) Alur proses pembuatan Crude Palm Oil dan  Palm Kernel, yaitu : a. Stasiun Timbangan Proses pertama dimana untuk mengetahui berat total  buah yang dibawa oleh Truck. b. Stasiun Loading Ramp Tempat penyimpanan sementara uah sebelum dilakukan  perebusan. c. Stasiun Loading Cages 25 Proses dimana pemindahan buah dari lori kedalam  tempat perebusan. d. Stasiun Sterilizer dan Tippler Proses perebusan buah yang dilakukan selama 90 menit  agar brondolan mudah jangkos. e. Stasiun Thresher Proses pemisahan jangkos dan brondolan. f. Stasiun Press Mendapatkan minyak dari berondolan dengan cara dipres  melalui mesin screw press serta menghasilkan serat  (fibre)dan biji (nut) yang kering agar mudah untuk  dilakukan pemisahan. g. Stasiun Klarifikasi Memisahkan antara minyak, air, lumpur (sludge), dan pasir.  Dengan cara pemanasan, pengadukkan, dan pengendapan  serta menghasilkan produk akhir yaitu Crude Palm Oil  (CPO). h. Stasiun Kernel Plant yaitu Memisahkan serat (fibre) dengan biji (nut)</subfield>
    </datafield>
    <controlfield tag="008">220529################|##########|#|##</controlfield>
    <datafield tag="990" ind1="#" ind2="#">
      <subfield code="a">61/LKKP TIA 2021</subfield>
    </datafield>
  </record>
</collection>
